[Event "Saint Louis Invitational-B 2019"]
[Site "Saint Louis"]
[Date "2019.11.23"]
[Round "5.4"]
[White "Arias Santana, Mauricio"]
[Black "Krykun, Yuriy"]
[Result "0-1"]
[WhiteElo "2292"]
[BlackElo "2382"]
[Annotator "TA"]
[PlyCount "90"]
[EventDate "2019.11.21"]
[EventType "tourn"]
[EventCountry "USA"]
[SourceTitle "playchess.com"]
[Source "ChessBase"]
[SourceQuality "1"]

{[%evp 9,90,0,0,0,0,8,32,18,16,-24,-14,-17,-4,-25,-13,-38,-35,-36,-41,-27,-19,-42,-39,-32,-37,-38,-25,-28,-22,-44,-47,-66,-66,-66,-66,-66,-73,-65,-79,-72,-71,-70,-45,-96,-15,-16,-12,-12,0,0,0,0,0,-44,-2,-58,0,0,0,-92,-63,-103,-80,-98,-98,-98,-59,-71,-6,-43,0,0,0,-233,-254,-190,-226,-295,-108,-75,-58,-95,-97]} 1. e4 e5 2. Nf3 Nc6 3. Bb5 g6 4. O-O Bg7 5. Bxc6 (5. c3 a6 6. Ba4 b5 7. Bc2 d6 8. d4 exd4 9. cxd4 Bg4 10. Be3 Bxf3 11. gxf3 Nge7 12. Nc3 O-O 13. f4 Na5 {0-1 (48) Short,N (2646)-Paravyan,D (2634) Moscow 2018}) 5... dxc6 6. b3 {C60: Ruy Lopez: Unusual Black 3rd moves and 3...g6} Ne7 7. Bb2 f6 $146 ({Predecessor:} 7... Bg4 8. d3 O-O 9. Nbd2 c5 10. h3 Bxf3 11. Nxf3 Nc6 12. Qe2 a5 13. a4 Nd4 14. Nxd4 cxd4 15. Bc1 Qd7 16. Bd2 b6 17. Kh2 c5 18. f3 {½-½ (18) Gutzen,W (1871)-Wurmbauer,N (1691) Neustadt an der Weinstrasse 2019}) 8. d4 {White is slightly better.} exd4 9. Qxd4 Qxd4 10. Bxd4 O-O 11. Nbd2 b6 12. Rfe1 c5 13. Bb2 Nc6 14. Nc4 Bg4 15. Rad1 Rad8 16. Ne3 Bxf3 17. gxf3 Nd4 18. Kg2 f5 19. c3 Ne6 20. exf5 Nf4+ 21. Kf1 Nd3 22. Re2 $1 Nxb2 23. Rxd8 Rxd8 24. Rxb2 Bxc3 $15 {[%mdl 4096] Endgame KRB-KRN} 25. Rc2 Bg7 26. Ke2 (26. Re2 $15) 26... gxf5 ({Black should play} 26... g5 $17) 27. Nxf5 $11 Kf7 28. Nxg7 {Black must now prevent Nf5.} Kxg7 {KR-KR} 29. b4 c6 30. bxc5 b5 31. Ke3 (31. a4 $5) 31... Kf6 {[%mdl 1024] Black has compensation.} 32. Ke4 (32. a4 $11) 32... Re8+ (32... a5 $15) 33. Kf4 Re5 34. h3 (34. Rd2 $11) 34... a5 $17 {[%cal Ba7a5,Ba5a4][%mdl 32]} 35. h4 Rh5 36. Kg4 Rd5 37. h5 a4 38. f4 $1 {[#]} h6 ({Better is} 38... Rd1 $1 $17) 39. Rc3 Rd2 40. a3 Rd5 41. Kh4 $2 (41. Re3 $11 {and White stays safe.}) 41... Kf5 $19 42. Kg3 Rd4 43. f3 Rc4 $2 (43... Rxf4 $19 {is more deadly. And now ...Rc4 would win.} 44. Kf2 Rc4) 44. Rd3 $17 Rxc5 {...Rd5 is the strong threat.} 45. Rd6 {[#]} Rc1 $1 {Accuracy: White = 43%, Black = 50%.} ({Much worse is} 45... Rc3 $6 46. Rxh6 Rxa3 47. Rxc6 $11) 0-1

[Event "Saint Louis Invitational-B 2019"]
[Site "Saint Louis"]
[Date "2019.11.23"]
[Round "5.5"]
[White "Grabinsky, Aaron"]
[Black "Cervantes Landeiro, Thalia"]
[Result "1/2-1/2"]
[WhiteElo "2338"]
[BlackElo "2227"]
[Annotator "TA"]
[PlyCount "120"]
[EventDate "2019.11.21"]
[EventType "tourn"]
[EventCountry "USA"]
[SourceTitle "playchess.com"]
[Source "ChessBase"]
[SourceQuality "1"]

{[%evp 21,120,50,39,37,47,47,38,49,43,29,76,52,58,34,38,27,27,26,22,0,21,10,26,0,0,0,0,-9,0,0,23,0,-7,-12,0,0,0,0,0,0,0,0,1,1,1,2,2,0,0,0,0,0,0,0,0,0,0,0,0,0,0,0,0,0,0,0,0,0,0,0,0,0,0,0,0,0,0,0,0,0,0,0,0,0,0,0,0,0,0,0,0,0,0,0,0,-286,-155,-106,0,0,0]} 1. e4 c5 2. Nf3 d6 3. d4 cxd4 4. Nxd4 Nf6 5. f3 e5 6. Nb3 d5 7. Bg5 Be6 8. Bxf6 gxf6 9. exd5 Qxd5 10. Qxd5 Bxd5 11. Nc3 Be6 12. O-O-O {B55: Sicilian: 2...d6 3 d4 cxd4 4 Nxd4 Nf6 5 f3} (12. Nb5 Kd8 13. O-O-O+ Kc8 14. Nc3 Nd7 15. Nd5 h5 16. Bb5 Bxd5 17. Bxd7+ Kxd7 18. Rxd5+ Ke6 19. Rhd1 h4 20. Kb1 Rg8 21. c4 Rxg2 22. Nd4+ Ke7 23. f4 Rxh2 24. Nf5+ Ke6 25. Nd4+ Ke7 26. Nf5+ Ke6 {½-½ (26) Nabaty,T (2690)-Sjugirov,S (2652) Batumi 2018}) 12... a6 13. Nd5 Bxd5 $1 14. Rxd5 {White is slightly better.} Nc6 15. c3 Rc8 16. Kb1 h5 17. g3 h4 $146 ({Predecessor:} 17... Rd8 18. Rxd8+ Nxd8 19. Bd3 Bd6 {1-0 (77) Schut,D (2069)-Tsatsalashvili,K (2271) Herceg Novi 2008}) 18. g4 Bh6 19. h3 Ke7 20. Bd3 Rhd8 21. Be4 Rc7 22. Rhd1 Rxd5 23. Bxd5 Nd8 24. Na5 Be3 25. Nc4 Bg5 26. Kc2 b5 27. Nd2 Bxd2 28. Rxd2 Ne6 29. Bxe6 fxe6 $11 {[%mdl 4096] Endgame KR-KR} 30. Re2 Rc5 31. Re4 Kd6 32. Kd3 Rd5+ 33. Ke2 Ke7 34. a4 Kf7 35. c4 bxc4 $1 36. Rxc4 a5 37. b4 axb4 38. Rxb4 Kg6 39. Rb3 Kg5 40. Ke3 Ra5 41. Ra3 f5 42. Ra2 Kg6 43. gxf5+ exf5 44. f4 exf4+ 45. Kxf4 Kf6 46. Ra3 Kg6 47. Ke3 Kg5 48. Kf3 Kg6 49. Ke3 Kg5 50. Kf3 Kg6 51. Ke2 Kf6 52. Kd3 Ke5 53. Ke3 Ke6 54. Kd4 Kd6 55. Ra1 Ke6 56. Kc4 Ke5 57. Kb4 Ra8 {Threatens to win with ...f4.} 58. Re1+ $2 {[%mdl 8192]} (58. a5 $11) 58... Kf4 (58... Kd4 $19 59. Rf1 Rb8+ 60. Ka5 Ke4 61. Re1+ Kd3) 59. Rf1+ $17 {[#]} Kg3 (59... Ke4 $1 $17 {And now ...f4 would win.} 60. Re1+ Kd3) 60. Rxf5 $11 Kxh3 {Accuracy: White = 67%, Black = 81%.} 1/2-1/2

[Event "Saint Louis Invitational-B 2019"]
[Site "Saint Louis"]
[Date "2019.11.24"]
[Round "6.1"]
[White "Proleiko, Julian"]
[Black "Cervantes Landeiro, Thalia"]
[Result "0-1"]
[WhiteElo "2170"]
[BlackElo "2227"]
[Annotator "TA"]
[PlyCount "76"]
[EventDate "2019.11.21"]
[EventType "tourn"]
[EventCountry "USA"]
[SourceTitle "playchess.com"]
[Source "ChessBase"]
[SourceQuality "1"]

{[%evp 9,82,0,5,2,10,10,13,16,21,25,21,7,10,-23,-19,-18,-4,-13,34,16,29,16,26,21,52,36,46,49,71,75,144,145,170,166,157,-18,-8,-197,-171,-181,-180,-175,-170,-167,-164,-162,-164,-172,-172,-175,-169,-318,-269,-483,-501,-490,-498,-458,-351,-339,0,-458,-450,-450,-440,-666,-648,-994,-986,-980,-972,-971,-906,-971,-923]} 1. e4 e5 2. Nc3 Nc6 3. Bc4 Nf6 4. d3 Na5 5. Qf3 Nxc4 (5... Be7 {seems wilder.} 6. Nge2 d6 7. h3 O-O 8. O-O Nxc4 9. dxc4 Be6) 6. dxc4 {C28: Vienna Game: 2...Nf6 3 Bc4 Nc6} h6 (6... Bb4 7. Nge2 d6 8. h3 Be6 9. b3 Nd7 10. O-O Bxc3 11. Nxc3 O-O 12. Qg3 f5 13. Bg5 {½-½ (33) Caruana,F (2822)-Aronian,L (2767) chess.com INT 2018}) 7. Nge2 d6 8. b3 {The position is equal.} Be7 $146 ({Predecessor:} 8... Bg4 9. Qd3 Qd7 10. h3 Bh5 11. g4 Bg6 12. Bb2 O-O-O 13. O-O-O {1-0 (55) Kracke,M (2054)-Wiebusch,M (1901) Tuebingen 2007}) 9. h3 Be6 10. Bb2 a6 11. O-O-O b5 12. c5 Nd7 13. cxd6 Bxd6 14. Nd5 O-O 15. g4 Bxd5 16. Rxd5 a5 17. Nc3 ({Weaker is} 17. Rxb5 c6 $17) 17... a4 18. Nxb5 axb3 19. axb3 ({Inferior is} 19. Nxd6 Qg5+ 20. Kd1 bxc2+ 21. Kxc2 cxd6 $17) 19... Nb6 (19... Qb8 $142) 20. Rd2 $16 Ra2 21. Nxd6 cxd6 22. Kb1 $2 (22. Rhd1 $16) 22... Qa8 $11 {White must now prevent ...Nc4!} 23. Rxd6 $2 {[#]} (23. Rhd1 $1 $11 Nc4 24. bxc4) 23... Nc4 $1 $19 24. bxc4 Rb8 $40 {[%csl Ga8][%cal Ra2a1][%mdl 128] Black wants a kill.} 25. Qb3 Rxb3 26. cxb3 {[#] Black should prevent Rhd1.} Ra1+ $1 {[%mdl 512]} 27. Bxa1 Qxe4+ {[%mdl 64] Double Attack} 28. Ka2 Qa8+ 29. Kb2 Qxh1 {[%mdl 4096] Endgame KQ-KRB} 30. c5 (30. Rd3 $142) 30... Qe1 ({Stronger than} 30... Qxh3 31. Rd8+ Kh7 32. c6 $11) 31. c6 $2 (31. Rd5 {is the only way for White.}) 31... Qxf2+ 32. Kb1 Qg1+ 33. Ka2 Qa7+ 34. Kb1 Qg1+ 35. Ka2 $1 Qc5 {Black is clearly winning.} 36. Rd8+ Kh7 {Threatens to win with ...Qa5+.} 37. Rc8 (37. Rd7 $142 Qxc6 38. Rxf7) 37... e4 38. c7 Qc2+ {Played: Qc5-c6} 0-1

[Event "Saint Louis Invitational-B 2019"]
[Site "Saint Louis"]
[Date "2019.11.24"]
[Round "6.2"]
[White "Krykun, Yuriy"]
[Black "Grabinsky, Aaron"]
[Result "1/2-1/2"]
[WhiteElo "2382"]
[BlackElo "2338"]
[Annotator "TA"]
[PlyCount "80"]
[EventDate "2019.11.21"]
[EventType "tourn"]
[EventCountry "USA"]
[SourceTitle "playchess.com"]
[Source "ChessBase"]
[SourceQuality "1"]

{[%evp 18,80,14,6,24,14,14,18,37,10,39,0,0,0,0,0,0,0,0,0,13,16,20,27,50,46,40,41,107,87,86,66,100,24,37,0,-6,-8,18,18,20,20,46,53,39,12,15,0,8,5,18,0,0,0,0,0,0,0,0,0,0,0,6,6,6]} 1. Nf3 c5 2. c4 Nc6 3. Nc3 Nf6 4. g3 g6 5. Bg2 Bg7 6. d4 cxd4 7. Nxd4 Qb6 8. Nb3 O-O 9. O-O d6 10. Bg5 Be6 {A39: Symmetrical English vs ...g6: 4 Bg2 Bg7 5 Nf3 Nf6 6 0-0 0-0 7 d4} 11. Nd5 Bxd5 12. cxd5 {[#] Hoping for Be3.} Ne5 13. e4 (13. Be3 Qa6 14. Bd4 Rac8 15. f4 Nc4 16. e4 Nd7 17. Bxg7 Kxg7 18. Qd4+ {0-1 (68) Bora,S (2370)-Becerra Rivero,J (2531) chess.com INT 2018}) 13... Rfc8 14. Qe2 (14. Be3 $5 {[%cal Re3b6]} Qb4 15. Bd4 $14) 14... a5 $146 ({Predecessor:} 14... Qd8 15. Bh3 Rc7 16. Rac1 Ned7 17. Rxc7 Qxc7 18. Rc1 {1-0 (30) Kimelman,G (2209)-Palacio,E (1675) Montevideo 2018}) 15. Rac1 a4 16. Be3 Qb4 17. Bd2 $36 {[%mdl 2048] White has good play.} Qb6 18. Be3 Qa6 19. Qxa6 bxa6 20. Na5 Nd3 21. Rxc8+ Rxc8 22. Nc6 Rc7 (22... Kf8 $1 $14) 23. b3 axb3 24. axb3 Ng4 {[#]} 25. Bg5 ({Better is} 25. Bd2 $1 $16) 25... Kf8 $11 26. Bf3 Nge5 27. Nxe5 Nxe5 28. Be2 Rb7 29. Rc1 {[%cal Rc1c8]} f5 30. exf5 gxf5 31. Bxa6 (31. Rc3 {feels hotter.} a5 32. Kg2 Bf6 33. Bd2 Kg7 34. Ba6) 31... Rxb3 {...Nf3+ is the strong threat.The position is equal.} 32. Kg2 h6 33. Be3 Ng4 34. Bc8 (34. Rc8+ {seems wilder.} Kf7 35. Bc1 Bd4 36. Rc4 Bb2 37. Bd2) 34... Nxe3+ 35. fxe3 Rxe3 36. Bxf5 {KRB-KRB} Bf6 37. Be6 Kg7 38. Rf1 h5 39. Rf3 Rxf3 40. Kxf3 h4 {Accuracy: White = 61%, Black = 48%.} 1/2-1/2

[Event "Saint Louis Invitational-B 2019"]
[Site "Saint Louis"]
[Date "2019.11.24"]
[Round "6.3"]
[White "Kiewra, Keaton"]
[Black "Arias Santana, Mauricio"]
[Result "1/2-1/2"]
[WhiteElo "2372"]
[BlackElo "2292"]
[Annotator "TA"]
[PlyCount "116"]
[EventDate "2019.11.21"]
[EventType "tourn"]
[EventCountry "USA"]
[SourceTitle "playchess.com"]
[Source "ChessBase"]
[SourceQuality "1"]

{[%evp 15,116,-21,0,0,0,0,0,0,-6,-11,-10,-26,-7,-84,-72,-109,-81,-78,-78,-81,-76,-85,-29,-32,-18,-22,-15,-15,-19,-16,-7,-73,-72,-61,-37,-163,-163,-160,-160,-160,-151,-157,-164,-156,0,-146,-180,-180,-178,-163,-153,-227,-229,-212,-108,-156,-131,-117,-121,-147,-118,-181,0,-8,-8,-11,0,0,0,0,0,0,0,0,0,0,0,0,0,0,0,0,0,0,0,0,0,0,0,0,0,0,0,0,0,0,0,0,0,0,0,0,0]} 1. e4 e5 2. Nf3 Nc6 3. Bb5 a6 4. Ba4 Nf6 5. d4 exd4 6. O-O Be7 7. e5 Ne4 8. Nxd4 Nc5 9. Bxc6 {C84: Closed Ruy Lopez: Unusual White 6th moves} (9. Nf5 g6 10. Bxc6 dxc6 11. Nxe7 Qxe7 12. Bh6 Rg8 13. Nc3 g5 14. f4 gxf4 15. Bxf4 Bd7 16. Qf3 O-O-O 17. Qf2 {½-½ (40) Zelcic,R (2508)-Amin,B (2709) Zagreb 2018}) 9... dxc6 10. Nc3 Ne6 11. Nf5 Qxd1 12. Rxd1 Bf8 13. Ne4 Bd7 14. g4 $146 (14. Be3 $11) ({Predecessor:} 14. Be3 h6 15. Nxh6 Rxh6 16. Bxh6 f5 17. exf6 gxh6 {½-½ (30) Wojdak,J (1913)-Nowak,M (2281) Poznan 2019}) 14... h5 $17 15. h3 hxg4 16. hxg4 c5 17. Be3 Bc6 18. Nfg3 Be7 ({Black should try} 18... Rh3 $17) 19. f3 $11 Rd8 20. Kg2 Rxd1 21. Rxd1 b6 22. c4 g6 23. Nc3 (23. b3 $11) 23... f6 $17 24. exf6 Bxf6 25. Bc1 (25. Rd2 $15) 25... Bxc3 $1 $19 26. bxc3 {[#]} Rf8 $1 27. Ne4 Bxe4 $1 28. fxe4 $17 {[%mdl 4096] Endgame KRB-KRN} Nf4+ 29. Kg3 g5 $2 (29... Ne2+ $17 30. Kg2 Nxc1 31. Rxc1 Rf4) 30. Bxf4 (30. Rd2 $1 $11) 30... Rxf4 $11 {KR-KR} 31. Rd5 Rxe4 32. Rxg5 Rxc4 33. Re5+ (33. Rg7 $17) 33... Kf7 $19 34. Re3 Ra4 ({Black should play} 34... b5 $19 35. Kh4 b4 36. cxb4 cxb4) 35. Re2 Ra3 36. Rc2 c4 37. Kf4 {[#]} Kg6 $1 38. Re2 (38. g5 $17 {might work better.}) 38... Kf7 $2 (38... Rxc3 $19 {Threatens to win with ...Ra3.} 39. Re6+ Kf7) 39. Rc2 $11 {The position is equal.} Ra5 40. Rd2 Rc5 41. Rd7+ Kg6 42. Re7 Rc6 43. Ke4 b5 44. Kd5 Rd6+ 45. Kc5 Rd3 46. Re6+ Kg5 47. Rxa6 Rxc3 48. Kxb5 Kxg4 49. a4 Rc1 50. Rc6 c3 51. Kb4 Kf5 52. Rxc7 c2 {White must now prevent ...Rb1+.} 53. Kb3 Ke6 54. Kb2 Kd6 55. Rc8 Rb1+ 56. Kxc2 Rb4 57. Ra8 Kc7 58. Kc3 Rh4 {Accuracy: White = 54%, Black = 67%.} 1/2-1/2

[Event "Saint Louis Invitational-B 2019"]
[Site "Saint Louis"]
[Date "2019.11.24"]
[Round "6.4"]
[White "Torres Rosas, Luis Carlos"]
[Black "Gauri, Shankar"]
[Result "1-0"]
[WhiteElo "2360"]
[BlackElo "2340"]
[Annotator "TA"]
[PlyCount "57"]
[EventDate "2019.11.21"]
[EventType "tourn"]
[EventCountry "USA"]
[SourceTitle "playchess.com"]
[Source "ChessBase"]
[SourceQuality "1"]

{[%evp 9,57,1,20,0,-6,-18,-2,-6,11,5,95,84,64,64,131,131,188,132,274,242,241,190,183,172,291,304,405,356,362,357,497,487,818,822,637,807,805,726,795,771,784,744,754,720,6295,6285,29994,29995,29995,29996]} 1. d4 Nf6 2. c4 g6 3. Nc3 d5 4. Nf3 Bg7 5. h4 (5. h3 dxc4 6. e4 c5 7. d5 O-O 8. Bxc4 b5 9. Nxb5 Nxe4 10. O-O Ba6 11. Qe2 Nd6 12. Nxd6 Qxd6 {0-1 (94) Meier,G (2628)-Vachier Lagrave,M (2773) Karlsruhe/Baden Baden 2019}) 5... c6 6. Bg5 {D90: Grünfeld: 4 Nf3 Bg7 sidelines} dxc4 7. e4 b5 8. e5 {The position is equal.} Nd5 9. h5 h6 {[#]} (9... f6 $11 10. Bd2 Nd7) 10. hxg6 $1 $16 fxg6 ({Not} 10... hxg5 11. Rxh8+ Bxh8 12. gxf7+ Kxf7 13. Nxg5+ Kg6 14. Nh3 $17) ({Reject} 10... Nxc3 $6 11. bxc3 hxg5 12. Rxh8+ Bxh8 13. gxf7+ Kxf7 14. Nxg5+ Kg6 15. Qf3 $11) 11. Bd2 Nxc3 (11... g5 $14) 12. bxc3 Bg4 $146 {[#]} (12... Qd5 $16) ({Predecessor:} 12... Be6) 13. Be2 $1 $18 {[%mdl 1024] White has strong compensation.} e6 (13... Nd7 $16 {might work better.}) 14. Nh4 Bf5 15. g4 Be4 16. f3 $36 {[%mdl 2048] White has strong initiative.} g5 (16... h5 {was worth a try.}) 17. fxe4 gxh4 18. O-O Rf8 {[#]} 19. g5 $1 {[%mdl 512]} Rxf1+ (19... hxg5 20. Bh5+) 20. Qxf1 {Hoping for Bh5+.} hxg5 (20... Qe7 $142 21. gxh6 Kd7 22. hxg7 Qxg7+ 23. Qg2 Qxg2+ 24. Kxg2 Na6) 21. Bh5+ Kd7 22. Qf7+ {[%mdl 64] Double Attack} Qe7 23. Qg6 Bxe5 24. Rf1 Bf4 25. Bxf4 gxf4 26. Rxf4 {Threatens to win with Rf7!} b4 {[#]} 27. Rf7 $1 {[%mdl 512]} b3 28. Rxe7+ Kxe7 29. Qe8+ {Accuracy: White = 82%, Black = 21%.} 1-0

[Event "Saint Louis Invitational-B 2019"]
[Site "Saint Louis"]
[Date "2019.11.24"]
[Round "6.5"]
[White "Stearman, Josiah"]
[Black "Polgar-Shutzman, Tom"]
[Result "0-1"]
[WhiteElo "2341"]
[BlackElo "2234"]
[Annotator "TA"]
[PlyCount "134"]
[EventDate "2019.11.21"]
[EventType "tourn"]
[EventCountry "USA"]
[SourceTitle "playchess.com"]
[Source "ChessBase"]
[SourceQuality "1"]

{[%evp 9,134,14,16,8,8,10,12,10,11,14,32,13,13,16,12,-25,15,7,7,8,16,7,7,7,30,0,8,0,0,0,16,0,5,0,55,53,56,-6,40,34,39,29,64,35,105,52,90,90,61,65,81,28,24,24,44,0,0,22,258,248,218,185,179,178,174,0,0,0,0,0,0,0,-6,-36,0,0,0,-82,0,-292,-273,-341,-338,-327,-319,-308,-318,-580,-577,-1642,-1324,-1739,-1800,-1670,-1546,-12833,-12833,-12833,-12832,-12833,-12833,-5617,0,-588,0,-1430,-1222,-500,0,-12841,-12842,-12842,-12843,-12844,-12845,-12846,-12847,-12847,-12847,-12850,-12848,-12849,-12849,-12850,-12850,-12851,-27999]} 1. e4 e5 2. Nf3 Nc6 3. Bc4 Bc5 4. O-O Nf6 5. d3 O-O 6. h3 {C50: Hungarian Defence and Giuoco Pianissimo} (6. c3 d6 7. h3 h6 8. Re1 a6 9. a4 a5 10. Nbd2 Be6 11. Bb5 Na7 12. d4 Nxb5 13. dxc5 Na7 14. b3 Re8 15. cxd6 Qxd6 16. Ba3 {1-0 (43) Carlsen,M (2882)-So,W (2776) Saint Louis 2019}) 6... h6 7. c3 Bb6 8. a4 {The position is equal.} d6 9. Re1 Be6 (9... a5 {seems wilder.} 10. Na3 Be6 11. Bd2 Nh5 12. b4 axb4 13. cxb4 Nf4) 10. Nbd2 a5 11. Bxe6 fxe6 12. Qb3 Qd7 $146 ({Predecessor:} 12... Re8 13. Nc4 Ra6 14. Be3 Nd7 15. Bxb6 Nxb6 {1-0 (50) Goldenberg,D (2270)-Kirby,P Winnipeg 1997}) 13. Nc4 Bc5 14. Be3 Bxe3 15. Rxe3 Nh5 16. Rd1 b6 17. g3 Qf7 {White must now prevent ...Nd4!} 18. d4 exd4 19. cxd4 Nb4 20. Rd2 Rae8 21. Na3 Qg6 (21... Nf6 $11) 22. Nb5 Rf7 (22... Nxg3 $2 23. fxg3 Rf7 24. Kh2 $18) 23. Qc4 (23. Nh4 $14 Qg5 24. Ng2) 23... Ree7 ({Stronger than} 23... Nxg3 24. fxg3 Qxg3+ 25. Rg2 $16) 24. Nh4 Qg5 {[#] Threatens to win with ...Nxg3!} 25. Ng2 Qg6 26. Kh2 Kh7 (26... d5 $14 27. Qe2 Nf6) 27. f4 (27. e5 $16) 27... e5 {[%cal Re5f4]} 28. dxe5 dxe5 29. f5 $36 {[%mdl 2048] Black is under pressure.} Qc6 30. Qe2 ({Better is} 30. Qxc6 $16 Nxc6 31. Nh4) 30... Nf6 $11 31. Nh4 Rd7 32. Ng6 Rxd2 33. Qxd2 Qc2 $2 (33... Qe8 $11 {and Black stays safe.}) 34. Qxc2 $18 Nxc2 35. Re2 ({Less strong is} 35. Rc3 Nd4 $14) 35... Nb4 36. g4 Kg8 37. Rd2 $2 ({White should play} 37. Nxe5 $18 Re7 38. Nc4) 37... Rd7 $1 $11 {[%cal Rd7d2]} 38. Rxd7 Nxd7 39. Nxc7 {[%mdl 4096] Endgame KNN-KNN} Nd3 40. h4 Nxb2 41. g5 hxg5 42. hxg5 Nxa4 {And now ...Nac5 would win.} 43. Ne7+ (43. Nb5 $1 $11 {remains equal.}) 43... Kf8 (43... Kf7 $17 44. Ned5 Nac5) 44. Nc6 $2 {[%mdl 8192]} (44. Ng6+ $1 $11 Kg8 45. Nb5) 44... Nac5 45. g6 a4 ({But not} 45... Nxe4 46. Nb5 $19) 46. Nb5 Nxe4 47. Kg2 Nd2 48. Na3 $2 (48. Kg3) 48... Nb3 $19 49. Kf3 Nd4+ 50. Nxd4 exd4 {KN-KN} 51. Ke4 Ke7 52. Kxd4 Kf6 53. Ke4 Nc5+ 54. Kf4 Nd3+ 55. Ke4 Nc5+ (55... Nb4 $142 56. Nb5 Kg5) 56. Kf4 Nd3+ (56... Na6 $142 57. Nb5 Nb4) 57. Ke4 $1 Ne1 58. Nb5 Ng2 $2 (58... Nc2 $19 {Strongly threatening ...a3.} 59. Kd3 Nb4+ 60. Ke4 Nc6) 59. Nd6 $2 {[%mdl 8192]} (59. Nc3 $11) 59... a3 {Black is clearly winning.} 60. Ne8+ Kg5 61. f6 Kxg6 62. fxg7 Kf7 63. Nd6+ {[#]} Kg8 $1 64. Kf5 a2 65. Kg6 a1=Q {( -> ...Qe5)} 66. Nf5 Nh4+ {[%mdl 64] Deflection} 67. Nxh4 Qxg7+ {Accuracy: White = 36%, Black = 52%.} 0-1

[Event "Saint Louis Invitational-B 2019"]
[Site "Saint Louis"]
[Date "2019.11.24"]
[Round "7.1"]
[White "Polgar-Shutzman, Tom"]
[Black "Proleiko, Julian"]
[Result "1/2-1/2"]
[WhiteElo "2234"]
[BlackElo "2170"]
[Annotator "TA"]
[PlyCount "105"]
[EventDate "2019.11.21"]
[EventType "tourn"]
[EventCountry "USA"]
[SourceTitle "playchess.com"]
[Source "ChessBase"]
[SourceQuality "1"]

{[%evp 12,105,10,17,24,-13,0,0,52,4,47,43,35,47,52,19,21,22,45,14,15,0,0,0,0,-12,-12,-4,-3,-6,-1,-11,16,0,41,26,170,158,157,170,146,34,29,39,59,59,34,50,47,0,45,0,0,0,0,0,42,-9,29,0,101,-9,0,-9,46,-9,46,0,38,-9,-9,-9,0,0,0,0,0,0,0,0,0,-20,0,-128,-128,-128,-128,-128,-128,-128,-128,-128,-128,-128,-125,-125]} 1. Nf3 c5 2. e4 e6 3. g3 Nc6 4. Bg2 Nf6 5. Qe2 d6 6. O-O Be7 7. c3 e5 {C00: French: Unusual White 2nd moves} (7... O-O 8. Rd1 b6 9. d4 cxd4 10. cxd4 d5 11. e5 Nd7 12. Nc3 a5 13. a4 Ba6 14. Nb5 Rc8 15. Bd2 {0-1 (52) Kobalia,M (2608)-Grachev,B (2621) Moscow 2019}) 8. h3 O-O 9. Rd1 Qc7 (9... Be6 $11) 10. Na3 a6 11. d4 b5 12. Nc2 Re8 13. a4 Rb8 $146 ({Predecessor:} 13... Bd7 14. dxc5 dxc5 15. Ne3 bxa4 {1-0 (35) Velikic,A (2207)-Mdivani,M (1958) Novi Sad 2016}) 14. axb5 axb5 15. d5 Na5 16. Bg5 h6 17. Bxf6 Bxf6 18. b4 Nb3 19. Ra3 $36 {[%mdl 2048] White has good play.} c4 20. Na1 Nxa1 21. Rdxa1 Bb7 22. Ne1 Qb6 23. h4 Ra8 (23... Bd8 $11 {and Black has nothing to worry.}) 24. Rxa8 $18 Rxa8 25. Rxa8+ Bxa8 26. Qa2 (26. Qg4 $16) 26... Bb7 $14 27. Bh3 Bd8 28. Nc2 Kf8 29. Ne3 g6 30. Kg2 h5 $1 31. Kf1 Ke8 32. Ke2 Be7 33. Qa1 Kd8 34. Qa2 (34. Qh1 $14) 34... Kc7 35. Qa1 Bf8 {[#]} (35... Qa6 $11 36. Qxa6 Bxa6) 36. Qa2 ({White should play} 36. Qh1 $1 $16) 36... Bh6 37. Qa1 Kd8 ({Better is} 37... Qa6 $11 38. Qxa6 Bxa6) 38. Qa2 (38. Nc2 $14) 38... Ke8 (38... Qa6 $11 39. Qxa6 Bxa6) 39. Qa1 Qa6 40. Qxa6 (40. Qa5 {looks sharper.} Qxa5 41. bxa5 Kd8 42. Nc2 g5 43. hxg5 Bxg5 44. Nb4) 40... Bxa6 {[%mdl 4096] Endgame KBB-KBN} 41. Nc2 f5 42. exf5 Bc8 43. Na3 Bd7 44. Bg2 $1 Bc1 45. Nc2 Bxf5 46. Ne3 (46. Ne1 {feels hotter.} Bh6 47. Nf3 Be4 48. Ne1 Bb1 49. Nf3) 46... Kf7 47. Kd1 (47. Nxf5 $11 {remains equal.} gxf5 48. Bh3) 47... Bxe3 $1 $17 {Black is better.} 48. fxe3 {[#] KB-KB} e4 $1 49. Ke1 Kf6 50. Bf1 Ke5 51. Be2 Kxd5 52. Kf2 Bg4 53. Bxg4 {Accuracy: White = 43%, Black = 36%.} 1/2-1/2